00418nam a2200157Ia 4500001000500000005001700005008004100022041000800063082001500071100003500086245008600121260000900207300002800216650000800244654000800252805220260306160540.0260306t2017||||xx |||||||||||||| ||spa|| aESP a370.1bF39 aFernández Liria, CarloseAUT 0aEscuela o barbarie:bentre el neoliberalismo salvaje y el delirio de la izquierda c2017 a428 páginas :c22 cm. aGEN aCED